Rare documents on Sikhs and their rule in the Punjab / (Record no. 16079)

MARC details
000 -LEADER
fixed length control field 00926nam a22002537a 4500
005 - DATE AND TIME OF LATEST TRANSACTION
control field 20081001112512.0
008 - FIXED-LENGTH DATA ELEMENTS--GENERAL INFORMATION
fixed length control field 081001t xxu||||| |||| 00| 0 eng d
010 ## - LCCN (DPL NO)
LC control number ENG-91099
020 ## - INTERNATIONAL STANDARD BOOK NUMBER
International Standard Book Number 9788184500721
Terms of availability 380.00
035 ## - SYSTEM CONTROL NUMBER
System control number EN-74632
037 ## - SOURCE OF ACQUISITION
Source of stock number/acquisition DBAD / PUB
040 ## - CATALOGING SOURCE
Original cataloging agency dpl
Language of cataloging English
082 ## - DEWEY DECIMAL CLASSIFICATION NUMBER
Classification number 954.07
245 ## - TITLE STATEMENT
Title Rare documents on Sikhs and their rule in the Punjab /
Statement of responsibility, etc edited by H.S. Bhatia; foreword by Hukum Singh
250 ## - EDITION STATEMENT
Edition statement 2nd repr ed.
260 ## - PUBLICATION, DISTRIBUTION, ETC. (IMPRINT)
Place of publication, distribution, etc New Delhi
Name of publisher, distributor, etc Deep & Deep Publications
Date of publication, distribution, etc 2008(repr.).
300 ## - PHYSICAL DESCRIPTION
Extent xvii,282p.
Dimensions 22 cm.(Hb)
500 ## - GENERAL NOTE
General note Includes index
650 ## - SUBJECT ADDED ENTRY--TOPICAL TERM
Topical term or geographic name as entry element Sikhs
General subdivision History
651 ## - SUBJECT ADDED ENTRY--GEOGRAPHIC NAME
Geographic name Punjab (India)
General subdivision History
700 ## - ADDED ENTRY--PERSONAL NAME
Personal name Bhatia, H.S.
942 ## - ADDED ENTRY ELEMENTS (KOHA)
Source of classification or shelving scheme Dewey Decimal Classification
Item type English Books
Classification part 954.07
Call number suffix RAR
Holdings
Withdrawn status Lost status Source of classification or shelving scheme Damaged status Not for loan Collection code Home library Current library Date acquired Source of acquisition Cost, normal purchase price Total Checkouts Full call number Barcode Date last seen Copy number Cost, replacement price Koha item type
    Dewey Decimal Classification   Not For Loan Non-fiction D.B.Act.Division D.B.Act.Division 01/10/2008 DBAD / PUB 380.00   954.07 RAR EN-74632 01/10/2008 1 380.00 English Books

© Delhi Public Library
Hit Counter
free hit counter